000 00456 a2200193 4500
001 134993
020 _a978-85-1445-8
040 _cLeonardo Da Vinci
041 _aPortuguês
082 _a792.981 V681a
_bV681a
100 _aVICENTE, Gil
245 _aAuto da barca do inferno
260 _bLePM
_c2007
_aPorto Alegre
300 _a71
362 _a20070000
490 _aLePM Pocket
697 _aLiteratura
_aTeatro
_aBrasil
_aArtes
942 _cBK
999 _c134993
_d134993